[Event "Rated Blitz game"]
[Site "?"]
[Date "2021.10.14"]
[Round "?"]
[White "anirudhha"]
[Black "ahoramahora"]
[Result "1/2-1/2"]
[WhiteElo "2604"]
[BlackElo "2446"]
[PlyCount "230"]
[EventDate "2021.??.??"]
[EventType "blitz"]

1. e4 e5 2. Nf3 d5 3. exd5 e4 4. Nd4 Qxd5 5. Nb3 Qe5 6. Be2 Nf6 7. d4 exd3 8.
Qxd3 Bf5 9. Qb5+ Qxb5 10. Bxb5+ c6 11. Bc4 Bxc2 12. O-O Bb4 13. a3 Bxb3 14.
Bxb3 Ba5 15. Bg5 Nbd7 16. Nd2 O-O 17. Nf3 Nc5 18. Bc2 Nce4 19. Rad1 Nxg5 20.
Nxg5 Rad8 21. Bb3 Nd5 22. Bc4 Rfe8 23. b4 Bc7 24. Rfe1 Bf4 25. Nf3 Rxe1+ 26.
Rxe1 Kf8 27. g3 Bc7 28. Ng5 h6 29. Ne4 Ne7 30. Nc5 b6 31. Nb3 Nf5 32. Rc1 Nd4
33. Nxd4 Rxd4 34. Be2 Rd6 35. Bf3 c5 36. bxc5 bxc5 37. Rxc5 Bb6 38. Rc8+ Ke7
39. Rc2 Rd3 40. Re2+ Kf6 41. Bc6 Rxa3 42. Kg2 g5 43. Bb5 Rb3 44. Bc4 Rc3 45.
Ba2 a5 46. Rd2 Rc6 47. Rb2 Bc5 48. Rb5 Bb4 49. Rb7 Rd6 50. Rxf7+ Ke5 51. f4+
gxf4 52. Rxf4 Rd2+ 53. Rf2 Rxf2+ 54. Kxf2 Kf5 55. Kf3 Kg5 56. h4+ Kg6 57. Bb3
Kh7 58. Bc2+ Kg7 59. Kf4 Bc3 60. Kf3 Be1 61. g4 Bb4 62. Kf4 Bd2+ 63. Kf5 Bb4
64. h5 Bd2 65. Ke6 Bg5 66. Bf5 Kf8 67. Kd5 Ke8 68. Kc4 Ke7 69. Kb3 Kf6 70. Ka4
Ke5 71. Kxa5 Kf4 72. Kb5 Ke3 73. Kc5 Kd2 74. Kd6 Kc1 75. Ke6 Kd2 76. Kf7 Kc1
77. Kg6 Kd2 78. Kf7 Kc1 79. Kg7 Kd2 80. Kg6 Kc1 81. Be6 Kd2 82. Bf5 Kc1 83. Kf7
Kd2 84. Ke6 Kc1 85. Kd5 Kd2 86. Kd6 Ke1 87. Kc6 Kf2 88. Kd5 Ke3 89. Kc4 Kf2 90.
Kb5 Kg1 91. Kc6 Kf2 92. Kd5 Ke3 93. Ke6 Kd4 94. Kd6 Ke3 95. Kc6 Kf4 96. Kb5 Ke3
97. Kc4 Kf4 98. Kb3 Kg3 99. Kc2 Kf4 100. Kd3 Ke5 101. Ke2 Kf6 102. Kf3 Ke7 103.
Kg2 Kd6 104. Kh3 Ke7 105. Kg2 Kd8 106. Kf1 Kc7 107. Ke2 Kd6 108. Kd3 Kc7 109.
Ke4 Kd8 110. Kd5 Ke7 111. Kc4 Kd8 112. Kd3 Ke7 113. Ke4 Kd8 114. Kd3 Ke7 115.
Ke4 Kd8 {Normal} 1/2-1/2

[Event "Rated Blitz tournament WhTiB6BB"]
[Site "?"]
[Date "2021.10.14"]
[Round "?"]
[White "Dimon_88"]
[Black "Maltinho"]
[Result "1/2-1/2"]
[WhiteElo "2406"]
[BlackElo "2566"]
[PlyCount "143"]
[EventDate "2021.??.??"]
[EventType "blitz"]

1. e4 e5 2. Nf3 d5 3. Nxe5 Bd6 4. d4 dxe4 5. Bc4 Bxe5 6. dxe5 Qxd1+ 7. Kxd1 Nc6
8. Bf4 Nge7 9. Nc3 Bf5 10. Ke2 Nd4+ 11. Kd2 O-O-O 12. Rad1 Ng6 13. Bg3 h5 14.
h4 e3+ 15. Kxe3 Nxc2+ 16. Ke2 Nd4+ 17. Kf1 Ne6 18. Ke2 Nd4+ 19. Kf1 Be6 20.
Bxe6+ Nxe6 21. Ke2 Nd4+ 22. Ke3 Nf5+ 23. Ke4 Nxg3+ 24. fxg3 Rhe8 25. Rxd8+ Kxd8
26. Rd1+ Kc8 27. Rd5 c6 28. Ra5 Kb8 29. Kd4 b6 30. Ra3 Rxe5 31. Ne4 Rd5+ 32.
Ke3 Ne5 33. Rc3 c5 34. Ng5 f6 35. Ne6 Rd7 36. Ke4 Re7 37. Kf5 Nd7 38. Nf4 Nf8
39. Nd3 Rf7 40. g4 g6+ 41. Kf4 Ne6+ 42. Kg3 hxg4 43. Kxg4 Kc7 44. Nf4 Nxf4 45.
Kxf4 Kd6 46. Rd3+ Ke6 47. Re3+ Kd7 48. Rd3+ Ke7 49. Re3+ Kf8 50. Re6 Kg7 51. g4
Rd7 52. Re2 Rc7 53. h5 gxh5 54. gxh5 Kh6 55. Kf5 Kxh5 56. Kxf6 Kg4 57. Ke6 Kf3
58. Re1 Kf2 59. Re5 c4 60. Kd6 Rc8 61. Re7 a5 62. Rb7 c3 63. bxc3 Rxc3 64. Rxb6
Ra3 65. Rb2+ Ke3 66. Kc5 Kd3 67. Kb5 Kc3 68. Rh2 a4 69. Rh3+ Kb2 70. Rxa3 Kxa3
71. Ka5 Kxa2 72. Kxa4 {Normal} 1/2-1/2

[Event "Rated Blitz tournament sRrJkudR"]
[Site "?"]
[Date "2021.10.14"]
[Round "?"]
[White "reshetnyckow"]
[Black "Frutek"]
[Result "1-0"]
[WhiteElo "2308"]
[BlackElo "2486"]
[PlyCount "149"]
[EventDate "2021.??.??"]
[EventType "blitz"]

1. e4 e5 2. Nf3 d5 3. Nxe5 Bd6 4. d4 dxe4 5. Nc4 Nf6 6. Nxd6+ Qxd6 7. Bc4 O-O
8. O-O Ng4 9. g3 Nc6 10. c3 Be6 11. Bf4 Qd7 12. Be2 h5 13. Nd2 f5 14. Bc4 Bxc4
15. Nxc4 h4 16. Qb3 Kh7 17. Rad1 b6 18. Ne5 Ncxe5 19. dxe5 Qe7 20. e6 Rae8 21.
Rd7 Qxe6 22. Rxc7 Qg6 23. h3 Nf6 24. Kh2 e3 25. c4 exf2 26. Rxf2 Nh5 27. Qf3
hxg3+ 28. Bxg3 f4 29. Bh4 Re3 30. Qg4 Qxg4 31. hxg4 Nf6 32. Bxf6 Rxf6 33. Rxa7
Rh6+ 34. Kg2 Rg3+ 35. Kf1 f3 36. Ke1 Rg2 37. Rxg2 fxg2 38. Kf2 Rh4 39. Kxg2
Rxg4+ 40. Kf3 Rxc4 41. b3 Rc3+ 42. Kg4 Kh6 43. Ra6 Rc6 44. a4 g6 45. a5 Rc3 46.
b4 bxa5 47. bxa5 Ra3 48. Ra7 Ra4+ 49. Kg3 Kg5 50. Ra8 Ra3+ 51. Kg2 Kg4 52. a6
g5 53. a7 Ra2+ 54. Kf1 Kg3 55. Rg8 Rxa7 56. Rxg5+ Kf4 57. Rc5 Rf7 58. Kf2 Ke4+
59. Ke2 Re7 60. Rh5 Kf4+ 61. Kd2 Rf7 62. Ra5 Rd7+ 63. Kc3 Ke4 64. Kb4 Rc7 65.
Rh5 Kd4 66. Kb5 Rb7+ 67. Ka6 Rb1 68. Rh4+ Kc3 69. Rh3+ Kc4 70. Rh4+ Kc5 71.
Rh5+ Kc6 72. Rh6+ Kc7 73. Rh7+ Kc6 74. Rh6+ Kc7 75. Ka5 {Time forfeit} 1-0

[Event "Rated Blitz game"]
[Site "?"]
[Date "2021.10.14"]
[Round "?"]
[White "slamena_michaeil"]
[Black "rofaidah"]
[Result "0-1"]
[WhiteElo "2357"]
[BlackElo "2488"]
[PlyCount "95"]
[EventDate "2021.??.??"]
[EventType "blitz"]

1. e4 e5 2. Nf3 d5 3. exd5 e4 4. Qe2 Nf6 5. Nc3 Bf5 6. d3 Bb4 7. Bd2 Bxc3 8.
Bxc3 O-O 9. dxe4 Nxe4 10. O-O-O Nxc3 11. bxc3 Qd6 12. Qc4 b5 13. Qxb5 Nd7 14.
Qb4 Qh6+ 15. Rd2 Rab8 16. Qa3 Rfe8 17. Bc4 Nb6 18. Bb3 Re2 19. Qc5 Rbe8 20.
Rhd1 Bg4 21. Qxc7 Bxf3 22. gxf3 Rxd2 23. Rxd2 g6 24. Kd1 Qg5 25. Qg3 Qf6 26. f4
Nd7 27. Rd4 Nc5 28. Bc4 Qe7 29. Qe3 Qd8 30. Qf3 Qe7 31. Be2 Ne4 32. Rxe4 Qxe4
33. Qxe4 Rxe4 34. Kd2 Kf8 35. c4 Ke7 36. f3 Rxf4 37. c5 Rd4+ 38. Kc3 Rxd5 39.
Kb4 Rh5 40. Bd3 Rxh2 41. Kb5 Kd7 42. a4 Kc7 43. Ka6 Rh5 44. Kb5 Re5 45. Be4 f5
46. Bd3 h5 47. Kc4 h4 48. Kd4 {Normal} 0-1

[Event "Rated Blitz tournament FHzjgMMm"]
[Site "?"]
[Date "2021.10.14"]
[Round "?"]
[White "dwardiososong"]
[Black "Armament_Haki"]
[Result "0-1"]
[WhiteElo "2262"]
[BlackElo "2540"]
[PlyCount "44"]
[EventDate "2021.??.??"]
[EventType "blitz"]

1. e4 e5 2. Nf3 d5 3. Nxe5 Bd6 4. d4 dxe4 5. Bc4 Bxe5 6. Qh5 Qe7 7. dxe5 g6 8.
Qg5 Nc6 9. Bf4 Qxg5 10. Bxg5 Nxe5 11. Nd2 Nxc4 12. Nxc4 Be6 13. Na5 f6 14. Bf4
O-O-O 15. O-O Ne7 16. Rfd1 Nd5 17. Bh6 Rhg8 18. Bd2 Nb6 19. b3 Bg4 20. f3 exf3
21. Bc3 Rxd1+ 22. Rxd1 f2+ {Normal} 0-1

[Event "Rated Blitz game"]
[Site "?"]
[Date "2021.10.14"]
[Round "?"]
[White "Oleg_Ras"]
[Black "BrilliantGambiteer"]
[Result "1-0"]
[WhiteElo "2569"]
[BlackElo "2403"]
[PlyCount "81"]
[EventDate "2021.??.??"]
[EventType "blitz"]

1. e4 e5 2. Nf3 d5 3. exd5 Bd6 4. d4 e4 5. Ne5 Nf6 6. Nc3 O-O 7. Be2 Qe7 8. Nc4
Bb4 9. Bg5 Bf5 10. O-O Nbd7 11. Ne3 Bg6 12. a3 Bd6 13. Nb5 a6 14. Nxd6 Qxd6 15.
c4 b6 16. b4 h6 17. Bh4 c5 18. dxc6 Qxc6 19. d5 Qd6 20. Bg3 Qe7 21. Qd4 Nh5 22.
Nf5 Bxf5 23. Bxh5 Rac8 24. Rac1 Nf6 25. Be2 Qb7 26. Be5 Ne8 27. c5 f6 28. Bg3
bxc5 29. bxc5 Rd8 30. Rfd1 Nc7 31. d6 Ne6 32. Qd5 Qxd5 33. Rxd5 Bg6 34. Bxa6 f5
35. Be5 Bf7 36. Rdd1 Ra8 37. Bc4 Rxa3 38. c6 Ra4 39. c7 Nxc7 40. Bxf7+ Rxf7 41.
dxc7 {Normal} 1-0

[Event "Rated Blitz game"]
[Site "?"]
[Date "2021.10.14"]
[Round "?"]
[White "ramoncmg"]
[Black "ahoramahora"]
[Result "1/2-1/2"]
[WhiteElo "2483"]
[BlackElo "2447"]
[PlyCount "91"]
[EventDate "2021.??.??"]
[EventType "blitz"]

1. e4 e5 2. Nf3 d5 3. exd5 e4 4. Qe2 Nf6 5. d3 Qxd5 6. Nbd2 Nc6 7. Nxe4 Be6 8.
Nxf6+ gxf6 9. Be3 O-O-O 10. c4 Qh5 11. O-O-O Bg4 12. Kb1 Rg8 13. Qc2 Bxf3 14.
gxf3 Qxf3 15. Be2 Qf5 16. Qa4 a6 17. Rhg1 Bb4 18. a3 Bc5 19. Ka2 Bxe3 20. fxe3
Rxg1 21. Rxg1 Qf2 22. Qd1 Qxe3 23. Rf1 Ne5 24. Rxf6 Nxd3 25. Bxd3 Rxd3 26. Qg4+
Kb8 27. Rxf7 Rd4 28. Qg8+ Ka7 29. Rxc7 Rd2 30. Qf8 Qd4 31. Qc5+ Qxc5 32. Rxc5
Rxh2 33. Rc7 Kb6 34. Rg7 Kc6 35. Kb3 b6 36. Kc3 Rh3+ 37. Kd4 Rh4+ 38. Kc3 Rh3+
39. Kd4 Rh2 40. b4 Rh4+ 41. Kc3 b5 42. c5 Rh3+ 43. Kd4 Rh4+ 44. Kc3 Rh3+ 45.
Kd4 Rh4+ 46. Kc3 {Normal} 1/2-1/2

[Event "Rated Blitz game"]
[Site "?"]
[Date "2021.10.14"]
[Round "?"]
[White "chessisnotmylife"]
[Black "EventHorizonNeptune"]
[Result "1-0"]
[WhiteElo "2341"]
[BlackElo "2427"]
[PlyCount "33"]
[EventDate "2021.??.??"]
[EventType "blitz"]

1. e4 e5 2. Nf3 d5 3. exd5 e4 4. Nd4 Qxd5 5. Nb3 Nf6 6. Nc3 Qe6 7. Be2 Bd7 8.
O-O Nc6 9. d3 O-O-O 10. dxe4 Nxe4 11. Nxe4 Qxe4 12. Bf3 Qg6 13. Qe2 Bd6 14. Be3
Ne5 15. Na5 Bg4 16. Bxb7+ Kb8 17. Qa6 {Normal} 1-0

[Event "Rated Blitz tournament slJYDhfV"]
[Site "?"]
[Date "2021.10.14"]
[Round "?"]
[White "KHUlrich"]
[Black "Artem_0degov"]
[Result "0-1"]
[WhiteElo "2204"]
[BlackElo "2678"]
[PlyCount "72"]
[EventDate "2021.??.??"]
[EventType "blitz"]

1. e4 e5 2. Nf3 d5 3. Nxe5 Bd6 4. d4 dxe4 5. Nc3 Bxe5 6. dxe5 Qxd1+ 7. Nxd1 Nc6
8. Bf4 Nge7 9. Nc3 Ng6 10. Bg3 Bf5 11. Bb5 O-O-O 12. Bxc6 bxc6 13. Rd1 h5 14.
Rxd8+ Rxd8 15. h3 Re8 16. Ke2 Nxe5 17. Bxe5 Rxe5 18. Rd1 Re8 19. Rd4 Bg6 20.
Ke3 f5 21. g3 Bf7 22. h4 Re7 23. Ra4 Kb7 24. Ne2 Rd7 25. Nf4 g6 26. Ne2 c5 27.
b3 Rd1 28. Nc3 Re1+ 29. Kd2 Rf1 30. Ke2 Rh1 31. a3 Kb6 32. Ke3 a5 33. Kf4 Rc1
34. Ne2 Rxc2 35. Ke3 Bxb3 36. Rxa5 Kxa5 {Normal} 0-1

[Event "Rated Blitz game"]
[Site "?"]
[Date "2021.10.14"]
[Round "?"]
[White "ArieWerksma"]
[Black "rofaidah"]
[Result "0-1"]
[WhiteElo "2463"]
[BlackElo "2477"]
[PlyCount "98"]
[EventDate "2021.??.??"]
[EventType "blitz"]

1. e4 e5 2. Nf3 d5 3. Nxe5 Qe7 4. d4 f6 5. Nd3 dxe4 6. Nf4 Bf5 7. Be3 Nc6 8.
Bb5 Bd7 9. O-O O-O-O 10. c4 f5 11. Nc3 Nf6 12. Ncd5 Nxd5 13. Nxd5 Qf7 14. Bf4
Bd6 15. Bxd6 cxd6 16. b4 Kb8 17. a4 f4 18. f3 e3 19. a5 Rde8 20. Re1 g5 21. Qa4
a6 22. Nb6 axb5 23. Qxb5 Ne5 24. Nxd7+ Nxd7 25. a6 Nf6 26. axb7 Qxb7 27. Qxg5
Nd7 28. Qxf4 Qc7 29. Rxe3 Rxe3 30. Qxe3 Qxc4 31. Rc1 Qd5 32. Qc3 Qb7 33. Re1
Rc8 34. Qd3 Nb6 35. h4 Nd5 36. Qe4 Nc3 37. Qf4 Qxb4 38. Kh2 Nd5 39. Qg3 Rc7 40.
Re6 Rd7 41. Qg8+ Kc7 42. Re8 Qb7 43. Qg3 Nf6 44. Re6 Nd5 45. Rh6 Ne3 46. Qf4
Nf1+ 47. Kh3 Qd5 48. Qe4 Qxe4 49. f4 Ne3 {Time forfeit} 0-1

[Event "Rated Blitz tournament ttm9T3lX"]
[Site "?"]
[Date "2021.10.14"]
[Round "?"]
[White "kabasob"]
[Black "Yatatu408Empire"]
[Result "0-1"]
[WhiteElo "2323"]
[BlackElo "2443"]
[PlyCount "66"]
[EventDate "2021.??.??"]
[EventType "blitz"]

1. e4 e5 2. Nf3 d5 3. d4 dxe4 4. Nxe5 Bd6 5. Nc4 Nc6 6. Nxd6+ cxd6 7. Be3 Nf6
8. c4 d5 9. Nc3 h6 10. Be2 O-O 11. Qb3 Na5 12. Qb4 Nxc4 13. Bxc4 dxc4 14. Qxc4
Be6 15. Qb4 a5 16. Qb5 Rc8 17. d5 Nxd5 18. Nxd5 Qxd5 19. Qxd5 Bxd5 20. O-O Rc2
21. b3 Rfc8 22. Rfd1 Be6 23. h3 g5 24. Rd6 R8c6 25. Rd8+ Kh7 26. g4 Rc8 27. Rd6
R2c6 28. Rad1 Kg7 29. Kg2 Kf8 30. Kg3 Ke7 31. R6d4 Rc2 32. R1d2 Rxd2 33. Rxd2
Rd8 {Time forfeit} 0-1

[Event "Rated Blitz game"]
[Site "?"]
[Date "2021.10.14"]
[Round "?"]
[White "mandarria"]
[Black "ahoramahora"]
[Result "0-1"]
[WhiteElo "2523"]
[BlackElo "2437"]
[PlyCount "128"]
[EventDate "2021.??.??"]
[EventType "blitz"]

1. e4 e5 2. Nf3 d5 3. exd5 e4 4. Qe2 Nf6 5. d3 Qxd5 6. Nbd2 Nc6 7. dxe4 Qd8 8.
c3 Bg4 9. g3 Bc5 10. Bg2 O-O 11. O-O Ne5 12. h3 Bxf3 13. Nxf3 Qd3 14. Re1 Qxe2
15. Rxe2 Nd3 16. Be3 Bxe3 17. Rxe3 Nxb2 18. Bf1 Na4 19. Nd4 c6 20. f3 Rad8 21.
Nb3 Rfe8 22. Na5 Re7 23. Rb1 Nc5 24. g4 Nd5 25. Ree1 Nxc3 26. Rbc1 N3a4 27. Kg2
Nd3 28. Bxd3 Rxd3 29. Red1 Rxd1 30. Rxd1 g6 31. Rd8+ Kg7 32. Rb8 Nc5 33. g5 h6
34. h4 h5 35. Kg3 Rd7 36. Kf4 Rc7 37. Ke3 b6 38. Nc4 Ne6 39. f4 Rd7 40. Ne5 Re7
41. Nxc6 Rc7 42. Ne5 Rc3+ 43. Kd2 Ra3 44. Rb7 Rxa2+ 45. Kc3 Ra4 46. Rxf7+ Kg8
47. f5 Rxe4 48. Re7 Rxe5 49. fxe6 Kf8 50. Rf7+ Kg8 51. Rf6 Kg7 52. Rf7+ Kg8 53.
Rf6 a5 54. Kd4 Re1 55. Kd5 Kg7 56. Rf7+ Kg8 57. Rf6 Kg7 58. Kd6 Rd1+ 59. Kc6
Rc1+ 60. Kxb6 a4 61. Rf7+ Kg8 62. Rf6 Kg7 63. e7 Kg8 64. e8=Q+ Kg7 {Time
forfeit} 0-1

[Event "Rated Blitz game"]
[Site "?"]
[Date "2021.10.14"]
[Round "?"]
[White "Quijoteajedrecista"]
[Black "Sdjordje12345_s"]
[Result "1-0"]
[WhiteElo "2422"]
[BlackElo "2328"]
[PlyCount "67"]
[EventDate "2021.??.??"]
[EventType "blitz"]

1. e4 e5 2. Nf3 d5 3. exd5 e4 4. Qe2 Nf6 5. d3 Bb4+ 6. Nfd2 O-O 7. dxe4 Nxe4 8.
c3 Bc5 9. Nxe4 Re8 10. Qc4 Bb6 11. Be2 Nd7 12. O-O Ne5 13. Qb3 Qh4 14. Ng3 Bg4
15. Bf4 Bxe2 16. Nxe2 Ng4 17. Bg3 Qh6 18. Nd4 Re4 19. Qc2 Rae8 20. Nd2 Rf4 21.
Bxf4 Qxf4 22. N2f3 Re5 23. Rae1 Nxh2 24. Rxe5 f6 25. Re8+ Kf7 26. Re4 Nxf3+ 27.
Nxf3 Qh6 28. Rfe1 Bc5 29. b4 Bd6 30. Qe2 g5 31. Re7+ Kf8 32. Re8+ Kg7 33. Qe6
g4 34. Rg8# {Normal} 1-0

[Event "Rated Blitz game"]
[Site "?"]
[Date "2021.10.14"]
[Round "?"]
[White "divergent_twin"]
[Black "Annali-annaliew1979"]
[Result "1/2-1/2"]
[WhiteElo "2527"]
[BlackElo "2467"]
[PlyCount "87"]
[EventDate "2021.??.??"]
[EventType "blitz"]

1. e4 e5 2. Nf3 d5 3. Nxe5 Qe7 4. d4 f6 5. Ng4 Nc6 6. Ne3 Qxe4 7. c3 Nge7 8.
Be2 Be6 9. O-O O-O-O 10. Re1 Qh4 11. Nd2 g5 12. Nf3 Qh6 13. h3 Qg6 14. Ng4 Bxg4
15. hxg4 h5 16. Bd3 Qf7 17. Nh2 hxg4 18. Nxg4 Qh5 19. f3 Ng6 20. Bf5+ Kb8 21.
Nxf6 Qh2+ 22. Kf1 Nh4 23. Bh3 Bd6 24. Ng4 Qg3 25. Bxg5 Rde8 26. Qd2 Nxf3 27.
Qf2 Nxe1 28. Rxe1 Rxe1+ 29. Kxe1 Re8+ 30. Kf1 Qd3+ 31. Kg1 Bg3 32. Qf1 Qc2 33.
Ne3 Qe4 34. Bf5 Qxe3+ 35. Bxe3 Rxe3 36. Be6 Re1 37. Bxd5 Bh2+ 38. Kf2 Bg3+ 39.
Kg1 Bh2+ 40. Kf2 Bg3+ 41. Kg1 Bh2+ 42. Kf2 Bg3+ 43. Kg1 Bh2+ 44. Kf2 {Normal}
1/2-1/2

[Event "Rated Blitz game"]
[Site "?"]
[Date "2021.10.14"]
[Round "?"]
[White "kadirakin"]
[Black "rofaidah"]
[Result "0-1"]
[WhiteElo "2457"]
[BlackElo "2491"]
[PlyCount "130"]
[EventDate "2021.??.??"]
[EventType "blitz"]

1. e4 e5 2. Nf3 d5 3. exd5 e4 4. Qe2 Nf6 5. Nc3 Bf5 6. d3 Bb4 7. Bd2 Bxc3 8.
Bxc3 O-O 9. dxe4 Nxe4 10. O-O-O Nxc3 11. bxc3 Qd6 12. Qb5 Nd7 13. Bd3 Bg4 14.
Rhe1 a6 15. Qb4 Qh6+ 16. Kb1 Bxf3 17. gxf3 c5 18. Qg4 Nf6 19. Qf5 Rad8 20. c4
b5 21. Rg1 bxc4 22. Bxc4 Rd6 23. Qg5 Qg6 24. Qxg6 hxg6 25. Rge1 Rfd8 26. Re5
Nd7 27. Re7 Nb6 28. Re4 f5 29. Rf4 g5 30. Rxf5 Nxc4 31. Rxg5 Rb6+ 32. Kc1 Rdb8
33. c3 Rb1+ 34. Kc2 R8b2+ 35. Kd3 Rxd1+ 36. Kxc4 Rxf2 37. Kxc5 Rxf3 38. c4 Rf2
39. d6 Rxa2 40. Kc6 Rad2 41. c5 Kf7 42. Kc7 a5 43. Rg4 Rd4 44. Rg3 R1d3 45. Rg1
a4 46. Rf1+ Kg6 47. Rg1+ Kh7 48. Ra1 a3 49. Ra2 Kh6 50. Rg2 g5 51. Ra2 Kh5 52.
Ra1 Kh4 53. Ra2 g4 54. Ra1 Kh3 55. Ra2 Kh4 56. Ra1 Rc3 57. c6 Rdc4 58. d7 Rxc6+
59. Kb7 Rc7+ 60. Kb6 Rxd7 61. Rf1 a2 62. Ra1 Rd2 63. Kb5 Rb3+ 64. Ka4 Rb1 65.
Rxa2 Rxa2# {Normal} 0-1

[Event "Rated Blitz tournament k6te9VJO"]
[Site "?"]
[Date "2021.10.14"]
[Round "?"]
[White "jimi1864"]
[Black "CaroyinixDiscomix"]
[Result "0-1"]
[WhiteElo "2378"]
[BlackElo "2439"]
[PlyCount "50"]
[EventDate "2021.??.??"]
[EventType "blitz"]

1. e4 e5 2. Nf3 d5 3. Nxe5 Bd6 4. d4 dxe4 5. Nc4 Nf6 6. Bg5 h6 7. Bh4 Bf5 8.
Be2 Nc6 9. c3 g5 10. Bg3 Bxg3 11. hxg3 Qd5 12. Ne3 Qd7 13. Nd2 O-O-O 14. b4 Nd5
15. Nxf5 Nxc3 16. Qa4 Nxe2 17. Ne3 Nexd4 18. b5 Ne5 19. Qxa7 Nc2+ 20. Kf1 Nxe3+
21. Kg1 Qxd2 22. Kh2 Qxf2 23. Qa8+ Kd7 24. Rhd1+ Nd3 25. Qxb7 Qxg2# {Normal}
0-1

[Event "Rated Blitz game"]
[Site "?"]
[Date "2021.10.14"]
[Round "?"]
[White "Patrik2021"]
[Black "RiskyBlitzer"]
[Result "1-0"]
[WhiteElo "2428"]
[BlackElo "2510"]
[PlyCount "59"]
[EventDate "2021.??.??"]
[EventType "blitz"]

1. e4 e5 2. Nf3 d5 3. exd5 e4 4. Nd4 Qxd5 5. Nb3 Bd6 6. Nc3 Qe5 7. Be2 Nf6 8.
d4 exd3 9. Qxd3 O-O 10. Be3 Nc6 11. O-O-O Bf5 12. Qd2 Nb4 13. Bd4 Qe7 14. Bxf6
Qxf6 15. Nd5 Nxd5 16. Qxd5 Rfd8 17. Qxb7 Rab8 18. Qf3 a5 19. g4 Qg5+ 20. Kb1
Be6 21. h4 Qe7 22. Nd4 Be5 23. Nc6 Rxb2+ 24. Kc1 Rxc2+ 25. Kxc2 Qc5+ 26. Kb1
Rb8+ 27. Nxb8 Qb4+ 28. Qb3 Qe4+ 29. Bd3 Qd4 30. Kc2 {Time forfeit} 1-0

[Event "Rated Blitz tournament mrzW73Gz"]
[Site "?"]
[Date "2021.10.14"]
[Round "?"]
[White "steven2010"]
[Black "Bis_Kecil_BKD"]
[Result "0-1"]
[WhiteElo "2258"]
[BlackElo "2509"]
[PlyCount "48"]
[EventDate "2021.??.??"]
[EventType "blitz"]

1. e4 e5 2. Nf3 d5 3. Bc4 dxc4 4. d3 cxd3 5. cxd3 Nc6 6. Nc3 Bg4 7. h3 Bh5 8.
Be3 Bxf3 9. Qxf3 Nf6 10. O-O-O Nd4 11. Bxd4 Qxd4 12. Ne2 Qa4 13. Kb1 O-O-O 14.
Nc3 Qa6 15. g4 h6 16. h4 Bb4 17. Ne2 Rd7 18. g5 hxg5 19. hxg5 Rxh1 20. Rxh1
Rxd3 21. Rh8+ Kd7 22. Qf5+ Kc6 23. gxf6 Rd1+ 24. Nc1 Qd3+ {Normal} 0-1

[Event "Rated Blitz tournament k6te9VJO"]
[Site "?"]
[Date "2021.10.14"]
[Round "?"]
[White "RicksSanchez"]
[Black "CaroyinixDiscomix"]
[Result "0-1"]
[WhiteElo "2468"]
[BlackElo "2450"]
[PlyCount "54"]
[EventDate "2021.??.??"]
[EventType "blitz"]

1. e4 e5 2. Nf3 d5 3. Nc3 dxe4 4. Nxe4 Nf6 5. Nc3 Nc6 6. d3 Bb4 7. Bd2 O-O 8.
Be2 Bg4 9. O-O Re8 10. h3 Bh5 11. a3 Ba5 12. b4 Bb6 13. Ng5 Bg6 14. Bf3 h6 15.
Nge4 Nxe4 16. Bxe4 Nd4 17. Bxb7 Rb8 18. Be4 f5 19. Bd5+ Kh8 20. Bc4 f4 21. Qg4
Bf5 22. Qd1 f3 23. g4 Qh4 24. Nd5 Qxh3 25. Ne3 Bxg4 26. Re1 Nxc2 27. d4 Nxe3 {
Normal} 0-1

[Event "Rated Blitz tournament XrBpqPf2"]
[Site "?"]
[Date "2021.10.14"]
[Round "?"]
[White "Picay"]
[Black "kalomBayan"]
[Result "1/2-1/2"]
[WhiteElo "2424"]
[BlackElo "2304"]
[PlyCount "92"]
[EventDate "2021.??.??"]
[EventType "blitz"]

1. e4 e5 2. Nf3 d5 3. exd5 e4 4. Qe2 Qd7 5. Qxe4+ Be7 6. Bc4 Nf6 7. Qe2 O-O 8.
O-O Bd6 9. Nc3 c6 10. h3 cxd5 11. Nxd5 Nxd5 12. Bxd5 Nc6 13. Bb3 b6 14. d4 Bb7
15. c3 Rae8 16. Qd3 Na5 17. Bc2 Be4 18. Qd1 Bxc2 19. Qxc2 Re6 20. Bg5 Rg6 21.
Rad1 h6 22. Ne5 Bxe5 23. dxe5 Qb7 24. f4 hxg5 25. f5 Rc6 26. Qd2 Qe7 27. Rde1
Nc4 28. Qe2 Rc5 29. e6 fxe6 30. fxe6 Rxf1+ 31. Rxf1 Ne5 32. b4 Rd5 33. c4 Nxc4
34. Qxc4 Qxe6 35. Kh1 Qd6 36. Qc8+ Kh7 37. Qc2+ g6 38. Rc1 Kh6 39. a3 Rd2 40.
Qb3 Rd3 41. Qb1 Qd5 42. Kh2 Qd6+ 43. Kg1 Qd4+ 44. Kh1 Qd5 45. Kh2 Qd6+ 46. Kh1
Qd5 {Normal} 1/2-1/2

[Event "Rated Rapid game"]
[Site "?"]
[Date "2021.10.14"]
[Round "?"]
[White "OmrumSenChess62"]
[Black "Newton_54"]
[Result "1-0"]
[WhiteElo "2402"]
[BlackElo "2375"]
[PlyCount "41"]
[EventDate "2021.??.??"]
[EventType "rapid"]

1. e4 e5 2. Nf3 d5 3. Nxe5 Bd6 4. d4 dxe4 5. Nc4 Nf6 6. Nxd6+ Qxd6 7. h3 O-O 8.
Be3 Nc6 9. Nd2 Re8 10. Nc4 Qb4+ 11. c3 Qb5 12. Nd6 Qxb2 13. Nxe8 Nxe8 14. Rc1
Qxa2 15. Bb5 f5 16. Ba4 Be6 17. O-O Nf6 18. c4 Bxc4 19. Rxc4 Nd5 20. Bb3 Qa6
21. Rc5 {Normal} 1-0

[Event "Rated Blitz game"]
[Site "?"]
[Date "2021.10.14"]
[Round "?"]
[White "Ted-Shpati_007"]
[Black "rofaidah"]
[Result "1-0"]
[WhiteElo "2504"]
[BlackElo "2474"]
[PlyCount "89"]
[EventDate "2021.??.??"]
[EventType "blitz"]

1. e4 e5 2. Nf3 d5 3. exd5 e4 4. Ne5 Qxd5 5. d4 exd3 6. Nxd3 Qe6+ 7. Qe2 Bd6 8.
Nc3 Nf6 9. Bf4 O-O 10. Qxe6 Bxe6 11. Bxd6 cxd6 12. O-O-O Nc6 13. Nf4 Rad8 14.
Be2 g5 15. Nfd5 Nxd5 16. Nxd5 Bxd5 17. Rxd5 h6 18. h4 Ne7 19. Rb5 f6 20. Rxb7
Nf5 21. hxg5 fxg5 22. Bd3 Nh4 23. g3 Nf5 24. Rxa7 d5 25. a4 Rd6 26. Re1 Nd4 27.
Ree7 Rxf2 28. Rg7+ Kf8 29. Rgd7 Rxd7 30. Rxd7 Rg2 31. Rxd5 Nf3 32. Rf5+ Kg7 33.
Rxf3 h5 34. a5 g4 35. Re3 Kf6 36. a6 Rg1+ 37. Kd2 Ra1 38. b4 Kg5 39. b5 h4 40.
gxh4+ Kxh4 41. b6 g3 42. b7 g2 43. b8=Q g1=R 44. Qh8+ Kg5 45. Re5+ {Normal} 1-0

[Event "Rated Blitz game"]
[Site "?"]
[Date "2021.10.14"]
[Round "?"]
[White "SF-46"]
[Black "LuC_I_FeR"]
[Result "1-0"]
[WhiteElo "2579"]
[BlackElo "2439"]
[PlyCount "135"]
[EventDate "2021.??.??"]
[EventType "blitz"]

1. e4 e5 2. Nf3 d5 3. exd5 e4 4. Qe2 Nf6 5. d3 Qxd5 6. Nc3 Bb4 7. Bd2 Bxc3 8.
Bxc3 O-O 9. dxe4 Nxe4 10. Qc4 Nxc3 11. Qxc3 Re8+ 12. Be2 Nc6 13. Qd2 Qb5 14. c3
Bg4 15. Kf1 Qh5 16. Re1 Rad8 17. Qf4 Rxe2 18. Rxe2 Rd1+ 19. Re1 Bxf3 20. Qxf3
Rxe1+ 21. Kxe1 Qb5 22. Qe2 Qe5 23. Qxe5 Nxe5 24. Ke2 Nc4 25. b3 Nd6 26. c4 f6
27. Rd1 Kf7 28. c5 Ne8 29. Ke3 Ke6 30. Rd8 Ke7 31. Ra8 b6 32. Rxa7 bxc5 33. Ra4
f5 34. Rc4 Kd6 35. a4 Nf6 36. Kd3 Nd5 37. g3 g6 38. a5 Kc6 39. a6 Nb4+ 40. Kc3
Nxa6 41. h4 Nb4 42. g4 Nd5+ 43. Kd3 fxg4 44. Rxg4 Kd6 45. Rg5 Ke6 46. Kc4 Nf6
47. Rxc5 Kd6 48. Ra5 Ne4 49. Ra2 c6 50. Re2 Nf6 51. f3 Nd5 52. Re8 Nf6 53. Rd8+
Kc7 54. Rh8 Kd6 55. b4 Nd5 56. Rxh7 Ke6 57. h5 gxh5 58. Rxh5 Nf4 59. Rh6+ Ke5
60. Rxc6 Ne2 61. b5 Kf4 62. b6 Nc1 63. b7 Na2 64. b8=Q+ Kxf3 65. Qf8+ Ke3 66.
Re6+ Kd2 67. Qf2+ Kc1 68. Re1# {Normal} 1-0

[Event "Rated Blitz game"]
[Site "?"]
[Date "2021.10.14"]
[Round "?"]
[White "JayFortunado"]
[Black "ahoramahora"]
[Result "1-0"]
[WhiteElo "2432"]
[BlackElo "2395"]
[PlyCount "61"]
[EventDate "2021.??.??"]
[EventType "blitz"]

1. e4 e5 2. Nf3 d5 3. Nxe5 Bd6 4. d4 dxe4 5. f4 Nf6 6. Be2 Nbd7 7. O-O O-O 8.
Nd2 c5 9. Ndc4 Bb8 10. c3 cxd4 11. cxd4 b5 12. Nxd7 Bxd7 13. Ne5 Qb6 14. Be3
Be6 15. Rc1 Bd5 16. b3 Bd6 17. g4 Rfd8 18. g5 Nd7 19. Qd2 Rac8 20. Bg4 Rxc1 21.
Rxc1 Nxe5 22. dxe5 Bb4 23. Qf2 Qb7 24. Bxa7 g6 25. Bc5 Bxc5 26. Rxc5 e3 27.
Qxe3 Bh1 28. Bh3 Rd1+ 29. Kf2 Qa6 30. Rc2 Qa5 31. e6 {Time forfeit} 1-0

[Event "Rated Blitz game"]
[Site "?"]
[Date "2021.10.14"]
[Round "?"]
[White "Ruben_Briceno"]
[Black "Tintyn"]
[Result "1-0"]
[WhiteElo "2498"]
[BlackElo "2511"]
[PlyCount "44"]
[EventDate "2021.??.??"]
[EventType "blitz"]

1. e4 e5 2. Nf3 d5 3. exd5 e4 4. Qe2 Nf6 5. d3 Qe7 6. dxe4 Nxe4 7. Nbd2 Bf5 8.
Nd4 Bg6 9. Nb5 Na6 10. Nxe4 Bxe4 11. Nc3 Bxc2 12. Qxe7+ Bxe7 13. Bxa6 bxa6 14.
Bf4 O-O-O 15. O-O Bf6 16. Rac1 Bxc3 17. Rxc2 Ba5 18. d6 Rd7 19. b4 Bxb4 20.
dxc7 Bd6 21. Rb1 Bxc7 22. Rbc1 Rhd8 {Normal} 1-0